000 00677na a2200241 4500
001 20748
003 MIRAKIL
005 20181213155120.0
008 170126b tu 000 0
035 _a20748
040 _aMilas
_btur
_cTR-AnCHP
041 _atur
082 _a324.2382
_bR32 [t.y.]
090 _a324.2382 R32 [t.y.]
110 _aRefah Partisi
245 _aRefah Partisi ve gerçekler
_cRP
260 _aAnkara
_bRefah Partisi
_c[t.y.]
300 _a18 s.
_c20 sm.
610 _aRefah Partisi (RP)
_xPropaganda ve ideolojiler
650 _aSiyasal partiler
_xParti türleri
_yDinci partiler
_zTürkiye
710 _aRefah Partisi (RP)
942 _2ddc
_cBKS
999 _c6812
_d6812